000 00422nam a22001337a 4500
040 _cNUST
082 _a200 THE
100 _aSyed Muhammad Zubair Shah Bukhari
_9111113
110 _aSupervisor Dr. Imran Akhtar
245 _aTH-SOF-2140-Dynamical Analysis and Data-Driven Modeling of Cardiac Autonomic Activity
260 _aISLAMABAD:
_bNUST COLLEGE OF EME,
_c2023.
650 _aMS-MECH-20
_9101656
942 _2ddc
_cTHE
999 _c594093
_d594093